| 000 | 00663nac a22001811u 4500 | ||
|---|---|---|---|
| 010 | _a 82012664 | ||
| 020 | _a0070845840 : | ||
| 082 | 0 | 0 |
_a658.56 _bD2611 |
| 090 |
_c4087 _d4087 |
||
| 100 | _aDavis, Brendan. | ||
| 245 | 1 | 4 |
_aThe economics of automatic testing / _cBrendan Davis. |
| 260 |
_aLondon ; _aNew York : _bMcGraw-Hill Book Co.(UK),1982 _c1982. |
||
| 300 |
_a295 p. : _bill. ; _c26 cm. |
||
| 500 | _aIncludes index. | ||
| 650 | 0 |
_aAutomatic test equipment _xCost effectiveness. |
|
| 942 |
_cBB _k658.56D2611 |
||
| 999 |
_c4087 _d4087 |
||